000 00564nam a2200217Ia 4500
003 OSt
005 20220926042052.0
006 a|||||r|||| 00| 0
007 ta
008 220923b |||||||| |||| 00| 0 eng d
037 _cGeneral Book
040 _aRTL
_cRTL
_beng
041 _2eng
_aeng
082 _aX819, J1
100 _aHedges J Edward
_9345792
245 0 _aPractical fire & casualty insurance
260 _c1951
650 _aAccident Insurance
_9240924
942 _hX819, J1
_cGB
_2CC
999 _c668796
_d668796